[Event "Hamburg Robinow op"]
[Site "Hamburg"]
[Date "2005.10.01"]
[Round "1"]
[White "Wallin, Joschka"]
[Black "Richert, Thomas Heinz"]
[Result "0-1"]
[WhiteElo "1118"]
[BlackElo "1606"]
[PlyCount "68"]
[EventDate "2005.10.01"]
[EventType "swiss"]
[EventRounds "9"]
[EventCountry "GER"]
[SourceTitle "CBM 108 Extra"]
[Source "ChessBase"]
[SourceDate "2005.11.04"]
[SourceVersion "1"]
[SourceVersionDate "2005.11.04"]
[SourceQuality "1"]

1. d4 d5 2. c4 c6 3. Nc3 Nf6 4. Nf3 e6 5. g3 Nbd7 6. Bg5 h6 7. Bf4 g5 8. Be5 Bb4 9. Bg2 Nxe5 10. Nxe5 Qe7 11. e3 Bd7 12. cxd5 exd5 13. 0-0 Bxc3 14. bxc3 Bf5 15. c4 dxc4 16. d5 Qxe5 17. Rc1 cxd5 18. Qa4+ Bd7 19. Qa5 0-0 20. Rcd1 Bc6 21. e4 b6 22. Qb4 Nxe4 23. Rfe1 Qc3 24. Qe7 Rae8 25. Qc7 Ba8 26. Bxe4 dxe4 27. Qd6 e3 28. fxe3 Rxe3 29. Rxe3 Qxe3+ 30. Kf1 Qf3+ 31. Ke1 Re8+ 32. Kd2 Re2+ 33. Kc1 Qc3+ 34. Kb1 Qb2# 0-1